Fundamental of Computer programming and IT (Record no. 490555)
[ view plain ]
| 000 -LEADER | |
|---|---|
| fixed length control field | 00409nam a22001577a 4500 |
| 020 ## - INTERNATIONAL STANDARD BOOK NUMBER | |
| International Standard Book Number | 9789350141649 |
| 082 ## - DEWEY DECIMAL CLASSIFICATION NUMBER | |
| Classification number | 005.1 PAN |
| 100 ## - MAIN ENTRY--PERSONAL NAME | |
| Personal name | Pandhy Sunil K |
| 245 ## - TITLE STATEMENT | |
| Title | Fundamental of Computer programming and IT |
| 260 ## - PUBLICATION, DISTRIBUTION, ETC. | |
| Place of publication, distribution, etc. | New Delhi India |
| Name of publisher, distributor, etc. | S.K.Kataria & Sons |
| Date of publication, distribution, etc. | 2008 |
| 300 ## - PHYSICAL DESCRIPTION | |
| Extent | 297 |
| Other physical details | P.B |
| 500 ## - GENERAL NOTE | |
| General note | Include Index |
| 650 ## - SUBJECT ADDED ENTRY--TOPICAL TERM | |
| Topical term or geographic name entry element | Computer Programming |
| 700 ## - ADDED ENTRY--PERSONAL NAME | |
| Personal name | Sunil K.Pandey |
| 942 ## - ADDED ENTRY ELEMENTS (KOHA) | |
| Koha item type | Book |
| Withdrawn status | Lost status | Damaged status | Not for loan | Collection code | Permanent Location | Current Location | Shelving location | Date acquired | Source of acquisition | Cost, normal purchase price | Total Checkouts | Total Renewals | Full call number | Barcode | Date last seen | Date last checked out | Price effective from | Koha item type |
|---|---|---|---|---|---|---|---|---|---|---|---|---|---|---|---|---|---|---|
| Central Library (CL) | Central Library (CL) | First Floor - Software Engineering/ Programming Language | 12/21/2016 | Allied Book Company | 345.92 | 2 | 1 | 005.1 PAN | SEECS013604 | 10/03/2024 | 05/04/2024 | 12/21/2016 | Book |
